Normal view
MARC view
Entry Uniform Title
001 - CONTROL NUMBER
- control field: 25290
003 - CONTROL NUMBER IDENTIFIER
- control field: OSt
005 - DATE AND TIME OF LATEST TRANSACTION
- control field: 20140220161422.0
008 - FIXED-LENGTH DATA ELEMENTS
- fixed length control field: 140220|| aca||aabn | a|a d
040 ## - CATALOGING SOURCE
- Original cataloging agency: OSt
- Transcribing agency: OSt
130 ## - HEADING--UNIFORM TITLE
- Uniform title: Microsoft Exchange server.
670 ## - SOURCE DATA FOUND
- Source citation: Work cat.: (OSt)0: Sakellariadis, Spyros Steven. 25289, The Microsoft exchange server Internet mail connector /, c1997.
